LEADER 00983nam0-22003371i-450- 001 990007469960403321 005 20050317172520.0 035 $a000746996 035 $aFED01000746996 035 $a(Aleph)000746996FED01 035 $a000746996 100 $a20030814d1982----km-y0itay50------ba 101 0 $aita 102 $aIT 200 1 $aDanimarca Islanda$ftesti di Giorgio Manganelli, Giorgio Zampa$gfotografie di Francesco Radino 210 $aMilano$cT.C.I.$d1982 215 $a176 p.$cill.$d29 cm 225 1 $aAttraverso l'Europa 610 0 $aDanimarca 610 0 $aIslanda 702 1$aManganelli,$bGiorgio$f<1922-1990> 702 1$aRadino,$bFrancesco$f<1947- > 702 1$aZampa,$bGiorgio$f<1921-2008> 710 02$aTouring club italiano$05623 801 0$aIT$bUNINA$gRICA$2UNIMARC 901 $aBK 912 $a990007469960403321 952 $aCONS.2 TCI 05(02)$bI.G.66A$fILFGE 959 $aILFGE 996 $aDanimarca Islanda$9450115 997 $aUNINA LEADER 01264nam--2200397---450- 001 990002419140203316 005 20091104145335.0 010 $a3-7890-5642-1 035 $a000241914 035 $aUSA01000241914 035 $a(ALEPH)000241914USA01 035 $a000241914 100 $a20050511d1998----km-y0itaa50------ba 101 0 $ager 102 $aDE 105 $ay---z---001yy 200 1 $a142 n.F. StGB und das Verbot zwangsweiser Selbstbelastung$fGero Dietrich 210 $aBaden-Baden$cNomos$d1998 215 $a145 p.$d23 cm 225 2 $aKieler Schriften zum Strafrecht$v16 410 0$12001$aKieler Schriften zum Strafrecht$v16 454 1 $12001 461 1$1001------$12001 606 0 $aGermania$xFuga da incidente$xAutoincriminazione 676 $a345.43 700 1$aDETRICH,$bGero$0572818 801 0$aIT$bsalbc$gISBD 912 $a990002419140203316 951 $aXXIII.4. Coll. 2/ 6 (IG XI 1021)$b41072 G.$cXXIII.4. Coll. (IG XI)$d00138821 959 $aBK 969 $aGIU 979 $aIANNONE$b90$c20050511$lUSA01$h1308 979 $aIANNONE$b90$c20050511$lUSA01$h1309 979 $aRSIAV1$b90$c20091104$lUSA01$h1453 996 $a142 n.F. StGB und das Verbot zwangsweiser Selbstbelastung$91065769 997 $aUNISA LEADER 01372nam a2200397 i 4500 001 991000755039707536 005 20020507173149.0 008 931108s1988 uk ||| | eng 020 $a0582994837 035 $ab10752730-39ule_inst 035 $aLE01301837$9ExL 040 $aDip.to Matematica$beng 082 0 $a511.6 084 $aAMS 05B 084 $aAMS 05C25 084 $aAMS 05C38 084 $aAMS 05C50 084 $aAMS 51E 084 $aAMS 94B05 084 $aQA166.25.T66 100 1 $aTonchev, Vladimir D.$059890 245 10$aCombinatorial configurations designs, codes, graphs /$cVladimir D. Tonchev ; transl. by Robert A. Melter 260 $aHarlow :$bLongman,$c1988 300 $a189 p. ;$c24 cm. 490 0 $aPitman monographs and surveys in pure and applied mathematics, ISSN 02693666 ;$v40 500 $aOrig. Bulgar. ed. 1984 650 4$aCombinatorial analysis 650 4$aCombinatorial designs$xCongresses 650 4$aGraph theory 700 1 $aMelter, Robert A. 907 $a.b10752730$b23-02-17$c28-06-02 912 $a991000755039707536 945 $aLE013 05B TON11 (1988)$g1$i2013000070704$lle013$o-$pE0.00$q-$rl$s- $t0$u20$v0$w20$x0$y.i10846335$z28-06-02 996 $aCombinatorial configurations designs codes graphs$9382991 997 $aUNISALENTO 998 $ale013$b01-01-93$cm$da $e-$feng$guk $h0$i1